| Tag |
First Indicator |
Second Indicator |
Subfields |
| LEADER |
00000nam a2200000Ia 4500 |
| 001 |
in00004333921 |
| 005 |
20200812093257.0 |
| 006 |
m g d |
| 007 |
cr bn |||a|bb| |
| 008 |
051129s1683 ie o 000 0 eng d |
| 035 |
|
|
|a (OCoLC)62369679
|
| 040 |
|
|
|a UMI
|c UMI
|e dcrb
|
| 037 |
|
|
|a CL0037000125
|b ProQuest Information and Learning. 300 N. Zeeb Rd., Ann Arbor, MI 48106
|
| 043 |
|
|
|a e-uk---
|
| 090 |
|
|
|a DA448.S53
|b 1683
|
| 049 |
|
|
|a UMIA
|
| 100 |
1 |
|
|a Sidney, Algernon,
|d 1622-1683.
|
| 245 |
1 |
4 |
|a The very copy of a paper delivered to the sheriffs :
|b upon the scaffold on Tower-Hill, on Friday, Decemb. 7. 1683 /
|c by Algernoon Sidney.
|
| 260 |
|
|
|a Dublin :
|b Reprinted by Joseph Ray, at Colledge-Green,
|c 1683.
|
| 300 |
|
|
|a 1 online resource (4 pages)
|
| 336 |
|
|
|a text
|b txt
|2 rdacontent
|
| 337 |
|
|
|a computer
|b c
|2 rdamedia
|
| 338 |
|
|
|a online resource
|b cr
|2 rdacarrier
|
| 500 |
|
|
|a Caption title.
|
| 500 |
|
|
|a Imprint from colophon.
|
| 500 |
|
|
|a Reproduction of original in: Harvard University. Library.
|
| 510 |
4 |
|
|a Wing (2nd edition)
|c S3767A
|
| 533 |
|
|
|a Electronic reproduction.
|b Ann Arbor, Mich. :
|c UMI,
|d 1999-
|f (Early English books online)
|n Digital version of: (Early English Books, 1641-1700 ; 2856:15)
|7 s1999 miun s
|
| 600 |
1 |
0 |
|a Sidney, Algernon,
|d 1622-1683.
|
| 650 |
|
0 |
|a Executions and executioners
|z England
|v Early works to 1800.
|
| 651 |
|
0 |
|a Great Britain
|x History
|y Charles II, 1660-1685.
|
| 651 |
|
0 |
|a Great Britain
|x Politics and government
|y 1660-1688.
|
| 830 |
|
0 |
|a Early English books online.
|
| 856 |
4 |
0 |
|u http://proxy.library.tamu.edu/login?url=https://search.proquest.com/docview/2240860641
|z Connect to the full text of this electronic book
|t 0
|
| 994 |
|
|
|a 02
|b UMI
|
| 999 |
f |
f |
|s 62521dde-393e-3834-89f9-de4a048e0f8a
|i a0942051-7e04-3a9d-b5ff-9d9b71145ab1
|t 0
|
| 952 |
f |
f |
|a Texas A&M University
|b College Station
|c Electronic Resources
|d Available Online
|t 0
|e DA448.S53 1683
|h Library of Congress classification
|
| 998 |
f |
f |
|a DA448.S53 1683
|t 0
|l Available Online
|